Catálogo - Centro de Recursos para el Aprendizaje y la Investigación

Volver al Sitio - CRAI Biblioteca

16 sentencias representativas de la sala de lo constitucional / (Registro nro. 113567)

Detalles MARC
000 -CABECERA
campo de control de longitud fija 03455nam a2200277 4500
001 - NÚMERO DE CONTROL
campo de control 113567
003 - IDENTIFICADOR DEL NÚMERO DE CONTROL
campo de control DR-UNIBE
005 - FECHA Y HORA DE LA ÚLTIMA TRANSACCIÓN
campo de control 20250509164238.0
008 - DATOS DE LONGITUD FIJA--INFORMACIÓN GENERAL
campo de control de longitud fija 250507b2006 es ||||| |||| 00| 0 spa d
040 ## - FUENTE DE LA CATALOGACIÓN
Centro catalogador/agencia de origen BIBLIOTECA UNIBE
Centro/agencia transcriptor BIBLIOTECA UNIBE
041 ## - CÓDIGO DE LENGUA
Código de lengua del texto/banda sonora o título independiente spa
082 ## - NÚMERO DE LA CLASIFICACIÓN DECIMAL DEWEY
Número de clasificación 342.97284 R426d
110 #0 - ENTRADA PRINCIPAL--NOMBRE DE ENTIDAD CORPORATIVA
Nombre de entidad corporativa o nombre de jurisdicción como elemento de entrada República de El Salvador. Corte Suprema de Justicia
9 (RLIN) 195202
Término indicativo de función/relación autor
245 13 - MENCIÓN DE TÍTULO
Título 16 sentencias representativas de la sala de lo constitucional /
Mención de responsabilidad, etc. Corte Suprema de Justicia ; introducción: René Fortín Magaña ; diseño y producción: Martín R. Pocasangre Posada ; diagramación: Roxana Maricela López de Linares ; diseño de portada: Antonio Alberto Aquino
250 ## - MENCIÓN DE EDICIÓN
Mención de edición Primera edición
260 ## - PUBLICACIÓN, DISTRIBUCIÓN, ETC.
Lugar de publicación, distribución, etc. San Salvador:
Nombre del editor, distribuidor, etc. Corte Suprema de Justicia. Sección de Publicaciones,
Fecha de publicación, distribución, etc. 2006
300 ## - DESCRIPCIÓN FÍSICA
Extensión 777 páginas :
Dimensiones 23 x 17 cm
505 ## - NOTA DE CONTENIDO CON FORMATO
Nota de contenido con formato 1. Sentencia de inconstitucionalidad 16-99 del 26 de junio de 2000 acerca de la imposibilidad de las candidaturas independientes para ser Diputado |<br/>2. Sentencia de inconstitucionalidad 33-37/2000 del 31 de agosto de 2001 acerca de la base aérea de Comalapa |<br/>3.Sentencia de inconstitucionalidad 41-2000/2-2001/3-2001/4-2001 del 13 de noviembre de 2001 acerca de la Ley de Integración Monetaria |<br/>4.Sentencia de inconstitucionalidad 9-97 del 15 de febrero de 2002 acerca del pacto de no apelar |<br/>5.Sentencia de inconstitucionalidad 6-2000 del 17 de mayo de 2000 acerca del Art. 12 del Código Electoral (Plancha Nacional) |<br/>6. Sentencia de inconstitucionalidad 28-2002 del 8 de abril de 2003 acerca del Art 13. del Código Electoral (Plancha Nacional) | |<br/>7. Sentencia de amparo 674-2001 del 23 de diciembre de 2002 acerca del caso Jesuitas |<br/>8. Sentencia de amparo 118-2002 del 2 de marzo de 2004 contra DICOM (Hábeas Data |<br/>9.Sentencia desestimatoria de inconstitucionalidad 26-2002 del 25 de octubre de 2002 acerca de la Ley de Presupuesto General para el ejercicio financiero fiscal 2004 |<br/>10. Sentencia de amparo 312-2004 del 17 de diciembre de 2004 a favor del Partido Demócrata Cristiano (PDC) |<br/>11.Sentencia de amparo 312-2004 del 17 de diciembre de 2004 a favor del Partido de Conciliación Nacional (PCN) |<br/>12. Sentencia de inconstitucionalidad 8-2003/49-2003/2-2004/52004 del 22 de diciembre de 2004 acerca de la Ley de Bancos |<br/>13. Sentencia de inconstitucionalidad 59-2003 del 121 de julio de 2005 acerca del Fondo de Conservación Vial (FOVIAL) |<br/>14. Sentencia de inconstitucionalidad 36-2004 del 2 de septiembre de 2005 acerca de la autodeterminación informativa (Hábeas data)<br/> 15. Sentencia e Hábeas Corpus 199-2005 del 21 de diciembre 2005 a favor de Enrique Altamirano Madriz y Lafitte Fernández |<br/>16. Improcedencia de inconstitucionalidad 64-2005 del 1 de febrero de 2005 de la interpretación auténtica del ART. 13 atribución 1 de la Ley Orgánica del Ministerio Público (Fiscal General Adjunto) |<br/>17. Sentencia de inconstitucionalidad del 25 de abril de 2006 de la reforma al artículo 159 del Código Electoral <br/><br/><br/>
650 #7 - PUNTO DE ACCESO ADICIONAL DE MATERIA--TÉRMINO DE MATERIA
Término de materia o nombre geográfico como elemento de entrada Recurso de inconstitucionalida
Subdivisión geográfica El Salvador
9 (RLIN) 195208
651 #7 - PUNTO DE ACCESO ADICIONAL DE MATERIA--NOMBRE GEOGRÁFICO
Nombre geográfico El Salvador
Subdivisión general Derecho constitucional
9 (RLIN) 194980
700 10 - PUNTO DE ACCESO ADICIONAL--NOMBRE DE PERSONA
Nombre de persona Fortín Magaña, René
9 (RLIN) 194981
Término indicativo de función/relación introducción
700 10 - PUNTO DE ACCESO ADICIONAL--NOMBRE DE PERSONA
Nombre de persona Pocasangre Posada, Martín R.
9 (RLIN) 194790
Término indicativo de función/relación diseñador
-- producción
700 10 - PUNTO DE ACCESO ADICIONAL--NOMBRE DE PERSONA
Nombre de persona López de Linares, Roxana Maricela
9 (RLIN) 194902
Término indicativo de función/relación diagramador
700 10 - PUNTO DE ACCESO ADICIONAL--NOMBRE DE PERSONA
Nombre de persona Aquino, Antonio Alberto
9 (RLIN) 194982
Término indicativo de función/relación diseñador de portada
942 ## - ELEMENTOS DE PUNTO DE ACCESO ADICIONAL (KOHA)
Fuente del sistema de clasificación o colocación Sistema de Clasificación Decimal Dewey
Tipo de ítem Koha Libro (general)
Existencias
Estado de retiro Estado de pérdida Fuente del sistema de clasificación o colocación No para préstamo Código de colección Localización permanente Fecha de adquisición Total de préstamos Signatura topográfica completa Código de barras Fecha visto por última vez Número de copia Precio válido a partir de Tipo de ítem Koha
  Disponible Sistema de Clasificación Decimal Dewey   General Biblioteca Central UNIBE 08/04/2025   342.97284 R426d 250402 07/05/2025 Ej. 1 07/05/2025 Libro (general)